Determinanty a obsah stratégie ekonomického systému SR

Funkcia ekonomického systému SR a jeho štruktúra. Prístupy k formovaniu obsahu stratégie ekonomického systému. Hlavné súvislosti formovania stratégie ekonomiky. Hlavné činitele stratégie ekonomiky. Výsledný model národohospodárskej stratégie.

Salvato in:
Dettagli Bibliografici
Autore principale: Kosorín, František
Natura: Capitolo di libro
Lingua:slovacco
Soggetti:
Tags: Aggiungi Tag
Nessun Tag, puoi essere il primo ad aggiungerne!!

MARC

LEADER 00000naa$a2200000$$$4500
001 0019190
005 20240502071407.5
041 0 |a slo 
044 |a SK 
245 1 0 |a Determinanty a obsah stratégie ekonomického systému SR  |c František Kosorín 
520 |a Funkcia ekonomického systému SR a jeho štruktúra. Prístupy k formovaniu obsahu stratégie ekonomického systému. Hlavné súvislosti formovania stratégie ekonomiky. Hlavné činitele stratégie ekonomiky. Výsledný model národohospodárskej stratégie. 
610 2 0 |a systémy ekonomické 
610 2 0 |a Slovensko 
610 2 0 |a stratégia hospodárska 
610 2 0 |a hospodárstvo národné 
610 2 0 |a procesy sociálno-ekonomické 
100 1 |a Kosorín, František